Precursores de la revolución agraria en México : las obras de Wistano Luis Orozco y Andrés Molina Enríquez.

Gorde:
Xehetasun bibliografikoak
Egile nagusia: Hamon, James L. (autor)
Beste egile batzuk: Niblo, Stephen R. (autor) (autor)
Formatua: Liburua
Hizkuntza:gaztelania
Saila:(Sepsetentas ; no. 202)
Gaiak:
Etiketak: Etiketa erantsi
Etiketarik gabe, Izan zaitez lehena erregistro honi etiketa jartzen!

MARC

LEADER 00000cam^a2200000uu^4500
001 000458223
005 20250521000000.0
008 050901s1975^^^^^^^^^^^^rd^r^^000^0^spa^d
009 20260310124102.273
035 |a FCE 000000669 
035 |a FCE 002470 
037 |a Acervo ITESO - Biblioteca 
041 |a spa 
082 0 4 |a 082.1  |b SEP 202 
100 |a Hamon, James L.  |e (autor) 
245 1 0 |a Precursores de la revolución agraria en México :  |b las obras de Wistano Luis Orozco y Andrés Molina Enríquez. 
264 |a México :  |b SEP,  |c 1975. 
300 |a 183 p. 
336 |a texto  |b txt  |2 rdacontenido 
337 |a sin mediación  |b n  |2 rdamedio 
338 |a volumen  |b nc  |2 rdasoporte 
440 0 |a (Sepsetentas ;  |v no. 202) 
649 |a XX 
650 |a Campesinos 
650 |a Reforma agraria 
650 |a Tenencia de la tierra 
700 |a Niblo, Stephen R.  |e (autor) 
910 |a Fondo Centro de Estudios Educativos 
920 |a Impresos - Libros 
930 |a Fondos Especiales 
905 |a 133 
901 |a ALE002470  |b IT2  |c CEE  |u 20250521 
901 |a ALE045538  |b IT2  |c CEE  |u 20250521 
902 |a https://opac.biblio.iteso.mx/vufind/Record/000458223